Top 10 Least Obese American Countries - Statistics

General Stats
  • This quiz has been taken 20 times
  • The average score is 8 of 10
Answer Stats
% Country % Correct
20.2 Bolivia
90%
21.4 Honduras
85%
21.2 Guatemala
80%
19.7 Peru
80%
21.3 Grenada
75%
20.2 Guyana
75%
20.3 Paraguay
75%
18.9 Antigua and Barbuda
70%
19.7 Saint Lucia
70%
18.6 Trinidad and Tobago
70%
No matching quizzes found
Score Distribution
Percent of People with Each Score
Percentile by Number Answered
Your Score History
You have not taken this quiz